[Event "Canadian op U1600 48th"]
[Site "Toronto"]
[Date "2011.07.16"]
[Round "8"]
[White "Milicevic, Aleksandra"]
[Black "Lean, Nathan"]
[Result "0-1"]
[WhiteElo "1245"]
[BlackElo "1515"]
[PlyCount "54"]
[EventDate "2011.07.09"]
[EventType "swiss"]
[EventRounds "9"]
[EventCountry "CAN"]
[SourceTitle "EXT 2022"]
[Source "ChessBase"]
[SourceDate "2021.10.06"]
[SourceVersion "1"]
[SourceVersionDate "2021.10.06"]
[SourceQuality "1"]

1. e4 c5 2. Nf3 d6 3. d4 cxd4 4. Nxd4 Nf6 5. Nc3 Nc6 6. Be3 g6 7. Be2 Bg7 8. Qd2 0-0 9. h3 Bd7 10. g4 Nxd4 11. Bxd4 b5 12. g5 b4 13. gxf6 bxc3 14. Bxc3 Bxf6 15. Bxf6 exf6 16. Qxd6 Qc8 17. 0-0-0 Be6 18. Kb1 Qb7 19. f3 Rab8 20. Qd4 f5 21. exf5 Bxf5 22. h4 Rfc8 23. Rc1 Rc6 24. b3 Rb6 25. h5 Rxb3+ 26. axb3 Qxb3+ 27. Ka1 Qa3# 0-1